Jocs Olímpics de Barcelona '92 : memòria memòria
Descripción Física:
2 v. ; 30 cm
MARC
| LEADER | 00000nam a2200000Ia 4500 | ||
|---|---|---|---|
| 001 | 21525, 21526 | ||
| 008 | 160829s1992 xx 000 0 cat d | ||
| 080 | |a P-1-87, P-1-88 | ||
| 245 | |a Jocs Olímpics de Barcelona '92 : |b memòria | ||
| 260 | |a Barcelona : |b Diputació de Barcelona. [Servei d'Esports], |c 1992 | ||
| 300 | |a 2 v. ; |c 30 cm | ||
| 590 | |a Núm. de full registral: 3019 | ||
| 611 | 2 | 0 | |a Jocs Paralímpics |n (9ns : |d 1992 : |c Barcelona, Catalunya) |9 54275 |
| 611 | 0 | |a Jocs Olímpics |n (25ns : |d 1992 : |c Barcelona, Catalunya) |9 53814 | |
| 710 | 1 | |a Barcelona (Catalunya : Província). |b Servei d'Esports |9 53772 | |
| 901 | |a Arxiu | ||
| 942 | |n 1 |2 udc | ||
| 952 | |0 0 |1 0 |4 0 |6 P187_P188 |7 1 |9 52598 |a Arxiu |b Arxiu |d 2016-12-01 |l 0 |o P-1-87, P-1-88 |p 21525, 21526 |r 2016-12-01 00:00:00 |w 2016-12-01 |y ARXIU | ||
| 999 | |c 56447 |d 56447 | ||